000 00593nam a2200205Ia 4500
005 20250326144719.0
008 250326s9999 xx 000 0 und d
020 _a81-203-0567-1
037 _aTextbook
040 _aFMSL
_beng
_cFMSL
041 _aeng
_2eng
084 _aX:512 P4;1
_qFMSL
100 _aStill R R
_9736904
245 0 _aSales management : decisions, strategies and cases
_cStill R R And Others
250 _a5
260 _aNew Delhi
_bNew Delhi, Prentice Hall of India
_c2004
300 _a638p
942 _cTB
_hX:512 P4;1
999 _c1304726
_d1304726